| 000 | 01120cad a22002175a 4500 | ||
|---|---|---|---|
| 001 | E147893 | ||
| 008 | 090626s2009 xxkd f 000 0 eng d | ||
| 035 | _a(Sirsi) u147893 | ||
| 041 | 0 | _aeng | |
| 050 | 0 | 4 | _a332.6324 $2 18 |
| 110 | 2 |
_aDTZ Research _93886 |
|
| 245 | 0 | 0 |
_aMoney into property 2009 _h[electronic resource] |
| 260 |
_aLondon _bDTZ Research _c2009 |
||
| 520 | _aReports that numbers of transactions have fallen for six quarters in a row, and now stand at levels not seen since 2003, when the report first began tracking them. Similarly, cross-border investment flows fell by 58% globally, the first annual fall since they were first tracked in 2003. Predicts that the market will remain subdued, with lender and investor sentiment bearish and total returns expected to be at around -20% this year. Tables and charts. | ||
| 521 | _aAdvanced | ||
| 590 | _aKA NTK | ||
| 651 | 4 | _aInternational | |
| 690 | _aPROPERTY-COMMERCIAL PROPERTY-COMMERCIAL PROPERTY FINANCE AND INVESTMENT | ||
| 856 | 4 | 0 |
_uhttps://www.dtz.com _zView the report free of charge (requires registration) at www.dtz.com... |
| 942 | _n0 | ||
| 999 |
_c109769 _d109769 |
||